Pain management (Record no. 38596)

MARC details
000 -LEADER
fixed length control field 00440nam a2200157Ia 4500
022 ## - INTERNATIONAL STANDARD SERIAL NUMBER
ISSN 22033130
050 ## - CALL MARK
Classification number RD 536 .P35/
245 #0 - TITLE STATEMENT
Title Pain management
260 ## - PUBLICATION, DISTRIBUTION, ETC. (IMPRINT)
Name of publisher Alain Charles
260 ## - PUBLICATION, DISTRIBUTION, ETC. (IMPRINT)
Year of publication 2017
300 ## - PHYSICAL DESCRIPTION
Number of Pages 39 p. ill. ; 27 cm.
650 ## - SUBJECT ADDED ENTRY--TOPICAL TERM
Topical Term Chest--Surgery--Complications. Heart--Surgery--Complications. Postoperative pain--Treatment.
942 ## - ADDED ENTRY ELEMENTS (KOHA)
Koha item type Serials

No items available.